Tīna sau gīta; (Record no. 78332)

MARC details
000 -LEADER
fixed length control field 00734cam a22002411 4500
001 - CONTROL NUMBER
control field sa 68001940
003 - CONTROL NUMBER IDENTIFIER
control field DLC
005 - DATE AND TIME OF LATEST TRANSACTION
control field 20260227112438.0
008 - FIXED-LENGTH DATA ELEMENTS--GENERAL INFORMATION
fixed length control field 890531s1966 ii 000 0 hino
010 ## - LIBRARY OF CONGRESS CONTROL NUMBER
LC control number sa 68001940
035 ## - SYSTEM CONTROL NUMBER
System control number (OCoLC)19792102
040 ## - CATALOGING SOURCE
Original cataloging agency DLC
Transcribing agency WaU
Modifying agency NRU
-- DLC
042 ## - AUTHENTICATION CODE
Authentication code premarc
050 00 - LIBRARY OF CONGRESS CALL NUMBER
Classification number PK2057
Item number .S47
100 1# - MAIN ENTRY--PERSONAL NAME
Personal name Sisaudia, Malkhan Singh,
Dates associated with a name 1923-
245 10 - TITLE STATEMENT
Title Tīna sau gīta;
Remainder of title naye purāne kaviyoṃ ke kāvya kā pratinidhi saṅkalana.
Statement of responsibility, etc. Sampādaka Malakhāna Siṃha Sisaudiyā.
250 ## - EDITION STATEMENT
Edition statement [1. saṃskaraṇa]
260 ## - PUBLICATION, DISTRIBUTION, ETC.
Place of publication, distribution, etc. Āgarā,
Name of publisher, distributor, etc. Pragati Prakāśana
Date of publication, distribution, etc. [1966]
300 ## - PHYSICAL DESCRIPTION
Extent 248 p.
Dimensions 20 cm.
490 0# - SERIES STATEMENT
Series statement Pragati pustakamālā ;
Volume/sequential designation 40
500 ## - GENERAL NOTE
General note In Hindi.
650 #0 - SUBJECT ADDED ENTRY--TOPICAL TERM
Topical term or geographic name entry element Hindi poetry.

No items available.

Powered by Koha